000 01132nam a2200289 i 4500
001 191861
003 SpMaBN
005 20231201164537.0
008 221017s2002 sp | o||| ||spa
016 7 _abimoBNE20020185239 [
_2SpMaBN]
017 _aM 3219-2002
_bOficina Depósito Legal Madrid
024 7 _aNIPO 176-01-005-1
_2nipo
035 _a(OCoLC)432894491
040 _aSpMaBN
_bspa
_cSpMaBN
_erdc
080 _a061.4:027(083.74)
245 0 0 _aNormas de préstamo de obras de la biblioteca para exposiciones /
_c[Ministerio de Educación, Cultura y Deportes, Secretaría de Estado de Cultura].
260 _a[Madrid] :
_bSecretaría General Técnica, Subdirección General de Información y Publicaciones,
_c[2002]
300 _a16 p. :
_bil. col. ;
_c21 cm.
490 1 _aPautas bibliotecarias
650 7 _aExposiciones en bibliotecas-
_vNormas.
_9175569
710 1 _aEspaña.
_bSecretaría de Estado de Cultura.
_93964
830 _aPautas bibliotecarias
_9193540
852 _aES-MaACL
_j027.5 pau
942 _2udc
_cMONOGRAFIA
_n0
999 _c191861
_d191861